|
|
|
|
| LEADER |
00802nam a2200253 a 4500 |
| 001 |
adlib96000001 |
| 003 |
ViArRB |
| 005 |
20151026130442.0 |
| 008 |
960221s1955 dcuabcdjdbkoqu001 0deng d |
| 020 |
|
|
|
| 022 |
|
|
|
| 040 |
|
|
|a Adlib
|
| 082 |
|
|
|a 681.377
|
| 245 |
|
|
|a Design and implementation of recursive digital filters
|
| 250 |
|
|
|
| 260 |
|
|
|a Cochin University
|b Electronics Dept.
|c 1978
|
| 300 |
|
|
|a 40p.
|
| 500 |
|
|
|a M Tech. Thesis
|
| 100 |
|
|
|a Balachandran
|
| 700 |
|
|
|
| 942 |
|
|
|c BK
|6 _
|
| 653 |
|
|
|a Computer systems
|a Computer operating systems
|a Computer peripherals
|a Computer software
|a Computers
|a Electronic data procressing
|a Digital filters
|
| 999 |
|
|
|c 5669
|d 5669
|
| 952 |
|
|
|0 0
|1 0
|4 0
|6 681377_BALTM
|7 0
|9 17062
|a UL
|b UL
|d 2010-06-16
|o 681.377 BAL TM
|p G0003028
|r 2010-06-16
|w 2010-06-16
|y BK
|